00625 am a2200193 a 450000500170000000800410001702000080005804100080006610000300007424500510010425000110015526000590016630000110022550001030023665300240033965300220036365300270038565300190041220240614120851.0100805s1993||||ag a f |||| 000 0 spa d aS/N aspa1 aMainetti, José Alberto. aBioética ficta / cJosé Alberto Mainetti. a1a ed. aLa Plata [Buenos Aires, Argentina]: bQuirón;c1993. a115 p. aMainetti, J. A. (1993). Bioética ficta. (1a ed.). La Plata [Buenos Aires, Argentina] : Quirón. aCrísis bioética aHomo bioéthicus aBioficciones negativas aJano técnica